000 00467nam a2200193Ia 4500
005 20250425161116.0
008 250425s9999 xx 000 0 und d
020 _a828600597
041 _aeng
082 _a623.820738
245 0 _aFIBERGLASS BOAT DESIGN AND CONSTRUCION
250 _aS.E.
260 _aEstados Unidos
_bJOHN DE GRAFF
_c1973
260 _aNEW YORK
300 _a144
650 _aBOTES DE FIBRA DE VIDRIO
942 _c01
010 _a12865
999 _c202596
_d202596